| 000 | 00469 a2200157 4500 | ||
|---|---|---|---|
| 020 | _a978-0-486-43517-6 | ||
| 041 | _aEng | ||
| 082 |
_a530.12 _bM119m |
||
| 100 | _aMackey, George W. | ||
| 245 | _aMathematical foundations of quantum mechanics. | ||
| 260 |
_aNew York: _bDover Publications, _c2004 |
||
| 300 | _ax,137p. illus | ||
| 650 |
_aQuantum theory _aMechanics _aMathematical physics _aGroup theory _aStatictical mechanics |
||
| 653 | _aPhysics | ||
| 942 |
_2ddc _cGEN |
||
| 999 |
_c68931 _d68917 |
||